Introduction to Psychology (Record no. 91619)
[ view plain ]
| 000 -LEADER | |
|---|---|
| fixed length control field | 00692nam a22002057a 4500 |
| 005 - DATE AND TIME OF LATEST TRANSACTION | |
| control field | 20150219161607.0 |
| 010 ## - LCCN (DPL NO) | |
| LC control number | B-593927 |
| 020 ## - INTERNATIONAL STANDARD BOOK NUMBER | |
| International Standard Book Number | 9780074622506 |
| Terms of availability | 750.00 |
| 020 ## - INTERNATIONAL STANDARD BOOK NUMBER | |
| International Standard Book Number | 0074622501 |
| Terms of availability | 750.00 |
| 035 ## - SYSTEM CONTROL NUMBER | |
| System control number | B-593927 |
| 037 ## - SOURCE OF ACQUISITION | |
| Stock number | dpl |
| Source of stock number/acquisition | Pansy Books |
| 100 ## - MAIN ENTRY--PERSONAL NAME | |
| Personal name | Morgan, Clifford T. |
| 245 ## - TITLE STATEMENT | |
| Title | Introduction to Psychology |
| Statement of responsibility, etc | by Clifford T. Morgan [et...al] |
| 250 ## - EDITION STATEMENT | |
| Edition statement | 7th ed. |
| 260 ## - PUBLICATION, DISTRIBUTION, ETC. (IMPRINT) | |
| Place of publication, distribution, etc | New Delhi |
| Name of publisher, distributor, etc | Tata McGraw Hill Education Pvt.Ltd. |
| Date of publication, distribution, etc | 2011 |
| 270 ## - ADDRESS | |
| Address | 7 West Patel Nagar |
| City | New Delhi |
| Postal code | 110008 |
| 300 ## - PHYSICAL DESCRIPTION | |
| Extent | 713p.: |
| Other physical details | ill.. |
| Dimensions | 23cm |
| 942 ## - ADDED ENTRY ELEMENTS (KOHA) | |
| Source of classification or shelving scheme | Dewey Decimal Classification |
| Item type | English Books |
| Call number suffix | MOR |
| Withdrawn status | Lost status | Materials specified (bound volume or other part) | Not for loan | Collection code | Home library | Current library | Date acquired | Source of acquisition | Cost, normal purchase price | Full call number | Barcode | Copy number | Cost, replacement price | Koha item type |
|---|---|---|---|---|---|---|---|---|---|---|---|---|---|---|
| D.B.Act.Division | D.B.Act.Division | 18/01/2021 | 150 MOR | English Books | ||||||||||
| RP | Non-fiction | Sarojini Nagar | Sarojini Nagar | 19/02/2015 | Pansy Books/1497/13.02.2015/order No.Nil/dt.Nil/19.02.2015 | 750.00 | 150 MOR | B-593927 | 1 | 750.00 | English Books |
